| 000 | 00908nam a22002177a 4500 | ||
|---|---|---|---|
| 003 | OSt | ||
| 005 | 20260425012552.0 | ||
| 008 | 260425b |||||||| |||| 00| 0 eng d | ||
| 020 | _a978-621-69298-0-5 | ||
| 040 |
_aDWCL-Main lib _cOC |
||
| 082 | _aCirc. 624.170 D457 2022 | ||
| 100 | _aLerio, Jefferson Kevin | ||
| 245 |
_aDesign and Analysis of 2-Storey Residential Building: _bA Guide to the use of STAAD. Pro Connect Edition/ _cLerio, Jefferson Kevin |
||
| 260 |
_aTagum City, Davao Del Norte: _bLerio Book Publishing, _cc2022. |
||
| 300 |
_aix, 165 pages : _bcolor illustrations ; _c28cm. |
||
| 504 | _aIncludes bibliographical references and appendix | ||
| 650 | _a1. Computer-aided software engineering | ||
| 650 | _a2. Structural analysis( Engineering)-- Computer programs | ||
| 650 | _a3. Two- Storey house- Design and Construction-- Computer Programs | ||
| 942 |
_2ddc _cBK-CIRC _hCirc. _n0 |
||
| 999 |
_c9872 _d9872 |
||